000 01518nam a2200325Ia 4500
999 _c52641
_d52641
001 19665
003 GE_BSU
005 20200316194219.0
008 181216s2016||||ge |||||||||||||| ||geo||
020 _a9789941181924
040 _cGE_BSU
041 _ageo
080 _a08.56 ა-98
245 _aახლო აღმოსავლეთი და საქართველო = The Near East and Georgia:
_b[შრომები] 9 /
_cრედ. გიორგი სანიკიძე
264 _aთბილისი :
_bილიას სახელმწიფო უნივერსიტის გამ-ბა,
_c2016.
300 _a348 გვ. :
_bსურ. ;
_c24 სმ.
653 _aშრომები
653 _aახლო აღმოსავლეთი და საქართველო
653 _aენათმეცნიერება
653 _aლიტერატურათმცოდნეობა
653 _a თეოლოგია
653 _aისტორია
653 _a წყაროთმცოდნეობა
653 _aეპიგრაფიკა
653 _a ნუმიზმატიკა
653 _aპოლიტიკა
700 _aსანიკიძე, გიორგი
_eრედაქტორი
_93936
710 _aგ. წერეთლის აღმოსავლეთმცოდნეობის ინსტიტუტი
_97750
942 _cBK
_2udc